Statistics for Top 20 Champions League scorers

Click here to take the quiz!

General Stats

  • This quiz has been taken 22 times
  • The average score is 12 of 20

Answer Stats

GoalsAnswer% Correct
94Messi
100%
103Ronaldo
100%
71Raul
89%
50Henry
84%
51Benzema
79%
48Ibrahimovic
79%
30Rooney
79%
44Drogba
68%
39Muller
68%
56Van Nistelrooy
63%
40Lewandowski
63%
48Shevchenko
53%
46Inzaghi
53%
30Kaka
53%
30Etoo
47%
29Trezeguet
42%
42Del Piero
42%
30Morientes
42%
29Makaay
21%
29Kluivert
21%

Score Distribution

Percentile by Number Answered

Percent of People with Each Score

Your Score History

You have not taken this quiz